[Event "Mallorca-chT Preferente"]
[Site "Mallorca"]
[Date "2021.04.10"]
[Round "5"]
[White "Pont Mulet, Antonio"]
[Black "Andreu Lopez, Santiago"]
[Result "1-0"]
[WhiteElo "2212"]
[BlackElo "1843"]
[PlyCount "63"]
[EventDate "2021.03.06"]
[EventType "team-swiss"]
[EventRounds "7"]
[EventCountry "ESP"]
[SourceTitle "EXT 2023"]
[Source "ChessBase"]
[SourceDate "2022.10.05"]
[SourceVersion "1"]
[SourceVersionDate "2022.10.05"]
[SourceQuality "1"]
[WhiteTeam "Agora Megaescacs"]
[BlackTeam "Tropic"]
[WhiteTeamCountry "ESP"]
[BlackTeamCountry "ESP"]

1. e4 c5 2. Nf3 e6 3. c3 Nf6 4. e5 Nd5 5. d4 cxd4 6. cxd4 Bb4+ 7. Bd2 Bxd2+ 8. Nbxd2 Qa5 9. Bc4 Nc6 10. 0-0 Nce7 11. Ne4 0-0 12. a3 b5 13. Bd3 Bb7 14. Nd6 Bc6 15. b4 Qb6 16. Qd2 f6 17. Rfe1 Rad8 18. a4 bxa4 19. b5 Ba8 20. Rxa4 fxe5 21. dxe5 Nf5 22. Nxf5 exf5 23. Bc4 Qc5 24. Rd1 Rc8 25. h3 Qxc4 26. Rxc4 Rxc4 27. Qa2 Rfc8 28. Qxa7 R4c7 29. Qa2 Rc5 30. Nd4 Bb7 31. Nxf5 Rc2 32. Qa7 1-0

[Event "Mallorca-chT Preferente"]
[Site "Mallorca"]
[Date "2016.03.09"]
[Round "4.1"]
[White "Pont Mulet, Antonio"]
[Black "Brull Mayol, Cosme"]
[Result "1/2-1/2"]
[WhiteElo "2247"]
[BlackElo "2243"]
[PlyCount "21"]
[EventDate "2016.03.01"]
[EventType "team-tourn"]
[EventRounds "9"]
[EventCountry "ESP"]
[SourceTitle "EXT 2024"]
[Source "ChessBase"]
[SourceDate "2023.10.10"]
[SourceVersion "1"]
[SourceVersionDate "2023.10.10"]
[SourceQuality "1"]
[WhiteTeam "Tropic"]
[BlackTeam "Son Dameto"]
[WhiteTeamCountry "ESP"]
[BlackTeamCountry "ESP"]

1. e4 c6 2. d4 d5 3. exd5 cxd5 4. Bd3 Nc6 5. c3 g6 6. h3 Bf5 7. Bxf5 gxf5 8. Nf3 Nf6 9. Bf4 e6 10. Nbd2 Bd6 11. Bxd6 1/2-1/2

[Event "ESP-ch 74th"]
[Site "Palma de Mallorca"]
[Date "2009.10.01"]
[Round "6"]
[White "Gelabert Mari, Llorenc"]
[Black "Pont Mulet, Antonio"]
[Result "1-0"]
[WhiteElo "2083"]
[BlackElo "2232"]
[PlyCount "89"]
[EventDate "2009.09.26"]
[EventType "swiss"]
[EventRounds "9"]
[EventCountry "ESP"]
[SourceTitle "CBM 132 Extra"]
[Source "ChessBase"]
[SourceDate "2009.11.03"]
[SourceVersion "1"]
[SourceVersionDate "2009.11.03"]
[SourceQuality "1"]

1. d4 Nf6 2. Nf3 g6 3. e3 Bg7 4. b3 d5 5. Bd3 0-0 6. 0-0 b6 7. Bb2 c5 8. c4 cxd4 9. Bxd4 Nc6 10. Bc3 Bb7 11. Na3 Re8 12. cxd5 Qxd5 13. Qe2 Qh5 14. Rac1 e5 15. Nd2 Qh6 16. Ne4 Nd4 17. Nxf6+ Bxf6 18. Qg4 Ne6 19. Be4 Bxe4 20. Qxe4 Qf8 21. Nc4 b5 22. Qf3 Qe7 23. Nd6 Ng5 24. Qc6 Qe6 25. Ba5 Rf8 26. h4 Nh3+ 27. gxh3 Qxh3 28. Qg2 Qxh4 29. Nxb5 Bg7 30. Rc4 Qh5 31. Qg4 Qh6 32. Qh4 f5 33. Qxh6 Bxh6 34. Bb4 Rfd8 35. Rfc1 f4 36. exf4 Bxf4 37. R1c2 Kg7 38. Nc7 Rd1+ 39. Kg2 Rb8 40. Ne6+ Kf6 41. Nxf4 exf4 42. Rxf4+ Kg5 43. Rfc4 h5 44. Bd2+ Kf5 45. Be3 1-0

[Event "ESP-ch 74th"]
[Site "Palma de Mallorca"]
[Date "2009.09.27"]
[Round "2"]
[White "Alonso Rosell, Alvar"]
[Black "Pont Mulet, Antonio"]
[Result "1-0"]
[WhiteElo "2487"]
[BlackElo "2232"]
[PlyCount "81"]
[EventDate "2009.09.26"]
[EventType "swiss"]
[EventRounds "9"]
[EventCountry "ESP"]
[SourceTitle "CBM 132 Extra"]
[Source "ChessBase"]
[SourceDate "2009.11.03"]
[SourceVersion "1"]
[SourceVersionDate "2009.11.03"]
[SourceQuality "1"]

1. d4 Nf6 2. c4 g6 3. Nc3 d5 4. cxd5 Nxd5 5. Bd2 Bg7 6. e4 Nb6 7. Be3 0-0 8. Bb5 Bd7 9. Be2 Nc6 10. f4 e6 11. Nf3 f5 12. e5 Nb4 13. 0-0 Bc6 14. Qd2 Qe7 15. Rac1 N4d5 16. Bf2 Bh6 17. Bh4 Qd7 18. Ne1 Qg7 19. Nxd5 Nxd5 20. Nd3 Nxf4 21. Nxf4 g5 22. Bf3 gxf4 23. Bf6 Rxf6 24. exf6 Qxf6 25. Qc3 Bxf3 26. Rxf3 c6 27. Rd1 Rd8 28. Rfd3 Rd7 29. Qe1 Bf8 30. Qf2 Bd6 31. Kh1 Bc7 32. Qd2 Qd8 33. Qe2 Qf6 34. Re1 Re7 35. d5 cxd5 36. Rxd5 e5 37. Qb5 f3 38. gxf3 Qh4 39. Rg1+ Kf7 40. Rd7 Bb6 41. Qd5+ 1-0

[Event "Calvia Amateur op 4th"]
[Site "Calvia"]
[Date "2007.10.14"]
[Round "9"]
[White "Pont Mulet, Antonio"]
[Black "Suslin, Alexander"]
[Result "0-1"]
[WhiteElo "2205"]
[BlackElo "2144"]
[PlyCount "57"]
[EventDate "2007.10.06"]
[EventType "swiss"]
[EventRounds "9"]
[EventCountry "ESP"]
[SourceTitle "CBM 120 Extra"]
[Source "ChessBase"]
[SourceDate "2007.11.01"]
[SourceVersion "1"]
[SourceVersionDate "2007.11.01"]
[SourceQuality "1"]

1. Nf3 d5 2. g3 c5 3. Bg2 Nc6 4. d4 e6 5. 0-0 Nf6 6. c4 dxc4 7. Qa4 Qa5 8. Qxa5 Nxa5 9. Na3 cxd4 10. Nb5 Nd5 11. Nfxd4 a6 12. e4 axb5 13. exd5 Bd7 14. Re1 Bb4 15. Re2 0-0 16. dxe6 fxe6 17. Bf4 Ra6 18. Rd1 Rf7 19. Bh3 e5 20. Bxd7 Rxd7 21. Rxe5 Nc6 22. Rxb5 Rxa2 23. Kg2 Rxb2 24. Nxc6 Rxd1 25. Nxb4 Rdb1 26. Bd6 Rd2 27. Be5 Rd7 28. Bc3 Rb3 29. Na2 0-1

[Event "Calvia Amateur op 4th"]
[Site "Calvia"]
[Date "2007.10.07"]
[Round "2"]
[White "Pont Mulet, Antonio"]
[Black "Iglesias, Yosha"]
[Result "0-1"]
[WhiteElo "2205"]
[BlackElo "2127"]
[PlyCount "74"]
[EventDate "2007.10.06"]
[EventType "swiss"]
[EventRounds "9"]
[EventCountry "ESP"]
[SourceTitle "CBM 120 Extra"]
[Source "ChessBase"]
[SourceDate "2007.11.01"]
[SourceVersion "1"]
[SourceVersionDate "2007.11.01"]
[SourceQuality "1"]

1. e4 c5 2. c3 d5 3. exd5 Qxd5 4. d4 g6 5. Nf3 Bg7 6. Be2 Nh6 7. 0-0 0-0 8. dxc5 Qxc5 9. Be3 Qc7 10. Na3 Nc6 11. Nb5 Qb8 12. Bc5 b6 13. Ba3 Nf5 14. g4 Nh6 15. Nfd4 Nxd4 16. Nxd4 Qf4 17. h3 Be5 18. Nf3 Nxg4 19. Qc1 Qe4 20. Re1 Bb7 21. Bd1 Qf5 22. Qg5 Bh2+ 23. Kf1 Qxg5 24. Nxg5 Ne5 25. Bxe7 Rfe8 26. Ba3 Nd3 27. Rxe8+ Rxe8 28. Bb3 Kg7 29. Nxf7 Nf4 30. f3 Ba6+ 31. c4 Kxf7 32. Rd1 Bg3 33. Bb4 Bc8 34. c5+ Kg7 35. cxb6 Bxh3+ 36. Kg1 Re2 37. Rd7+ Bxd7 0-1

[Event "Calvia op 2nd"]
[Site "Calvia"]
[Date "2005.10.26"]
[Round "7"]
[White "Munar Rossello, Pedro"]
[Black "Pont Mulet, Antonio"]
[Result "1-0"]
[WhiteElo "2083"]
[BlackElo "2196"]
[PlyCount "51"]
[EventDate "2005.10.21"]
[EventType "swiss"]
[EventRounds "9"]
[EventCountry "ESP"]
[SourceTitle "EXT 2006"]
[Source "ChessBase"]
[SourceDate "2005.11.24"]
[SourceVersion "1"]
[SourceVersionDate "2005.11.24"]
[SourceQuality "1"]

1. e4 e6 2. d4 d5 3. Nd2 Nc6 4. Ngf3 Nf6 5. e5 Nd7 6. Be2 f6 7. exf6 Qxf6 8. Nf1 Bd6 9. Ne3 0-0 10. 0-0 Kh8 11. b3 a5 12. Bb2 b6 13. c4 dxc4 14. Nxc4 Qe7 15. Nxd6 Qxd6 16. Ng5 Nb4 17. Qb1 Nf6 18. d5 Nbxd5 19. Bc4 Qe7 20. Re1 c6 21. a4 Rd8 22. Qd3 h6 23. Qh3 Nf4 24. Qh4 Ng6 25. Bxf6 Qxf6 26. Nf7+ 1-0

[Event "Calvia op 2nd"]
[Site "Calvia"]
[Date "2005.10.25"]
[Round "6"]
[White "Pont Mulet, Antonio"]
[Black "Akhanov, Dauren"]
[Result "1/2-1/2"]
[WhiteElo "2196"]
[BlackElo "2100"]
[PlyCount "149"]
[EventDate "2005.10.21"]
[EventType "swiss"]
[EventRounds "9"]
[EventCountry "ESP"]
[SourceTitle "EXT 2006"]
[Source "ChessBase"]
[SourceDate "2005.11.24"]
[SourceVersion "1"]
[SourceVersionDate "2005.11.24"]
[SourceQuality "1"]

1. Nf3 c5 2. g3 Nc6 3. d4 cxd4 4. Nxd4 g6 5. Bg2 Bg7 6. Nxc6 bxc6 7. 0-0 Nf6 8. c4 0-0 9. Nc3 Qa5 10. Qc2 Ba6 11. Bd2 Qc7 12. Qa4 Bb7 13. Rac1 c5 14. e4 d6 15. Bf4 a6 16. h3 Nd7 17. Qc2 e6 18. Rcd1 Ne5 19. b3 Rad8 20. Rd2 Nc6 21. Ne2 Nd4 22. Nxd4 cxd4 23. Re2 e5 24. Bc1 f5 25. f4 Qd7 26. Kh2 Kh8 27. Ref2 fxe4 28. Bxe4 Bxe4 29. Qxe4 Qf5 30. Re2 d3 31. Ree1 Qxe4 32. Rxe4 exf4 33. gxf4 d5 34. cxd5 Rxd5 35. Bd2 Rc8 36. Rc4 Re8 37. Kg3 Bf6 38. Kf3 Rh5 39. Rd1 Rxh3+ 40. Kg2 Rh5 41. Bc3 Bxc3 42. Rxc3 Re2+ 43. Kf3 Rh3+ 44. Kg4 Ree3 45. Kg5 Rh5+ 46. Kg4 Rd5 47. Rc8+ Kg7 48. Rc7+ Kg8 49. Rc8+ Kf7 50. Rc7+ Re7 51. Rc3 Red7 52. Rd2 Kf6 53. b4 Rd4 54. Rc6+ Kf7 55. Rxa6 Rxb4 56. Ra3 Rdd4 57. Ra7+ Ke6 58. Rxh7 Rxf4+ 59. Kg3 Rfd4 60. Rg7 Kf6 61. Rc7 Kg5 62. Rc5+ Kf6 63. Rc3 Ra4 64. Rcxd3 Rxd3+ 65. Rxd3 Rxa2 66. Rb3 Re2 67. Ra3 Re5 68. Kg4 Re4+ 69. Kg3 g5 70. Rb3 Kg6 71. Ra3 Kh5 72. Rb3 Re1 73. Ra3 Rg1+ 74. Kh2 Rg4 75. Kh3 1/2-1/2

[Event "Olympiad-36"]
[Site "Mallorca"]
[Date "2004.10.27"]
[Round "12"]
[White "Gonzalez Acosta, Bernal Manuel"]
[Black "Pont Mulet, Antonio"]
[Result "1-0"]
[WhiteElo "2423"]
[BlackElo "2265"]
[PlyCount "69"]
[EventDate "2004.10.15"]
[EventType "team-swiss"]
[EventRounds "14"]
[EventCountry "ESP"]
[SourceTitle "CBM 104"]
[Source "ChessBase"]
[SourceDate "2005.01.27"]
[SourceVersion "1"]
[SourceVersionDate "2005.01.27"]
[SourceQuality "1"]
[WhiteTeam "Costa Rica"]
[BlackTeam "Spain III"]
[WhiteTeamCountry "CRI"]
[BlackTeamCountry "ESP"]

1. f4 Nf6 2. Nf3 g6 3. g3 Bg7 4. Bg2 0-0 5. d3 d5 6. 0-0 c6 7. Nc3 Nbd7 8. e4 dxe4 9. dxe4 e5 10. f5 Qc7 11. h3 b5 12. a3 a5 13. g4 Rd8 14. Qe1 Bb7 15. Ng5 b4 16. fxg6 hxg6 17. Nd1 c5 18. Ne3 Rf8 19. Qh4 Ra6 20. b3 Re8 21. Bb2 Nf8 22. Nc4 N8h7 23. Nxf7 Kxf7 24. Qxh7 Rae6 25. g5 Rh8 26. Nxe5+ Qxe5 27. Qxg7+ Kxg7 28. Bxe5 Rxe5 29. gxf6+ Kf7 30. axb4 cxb4 31. Rad1 Bxe4 32. Rd7+ Ke8 33. Ra7 Bxg2 34. Kxg2 Kf8 35. f7 1-0

[Event "Olympiad-36"]
[Site "Mallorca"]
[Date "2004.10.24"]
[Round "9"]
[White "Farley, Terry"]
[Black "Pont Mulet, Antonio"]
[Result "1/2-1/2"]
[WhiteElo "2247"]
[BlackElo "2265"]
[PlyCount "89"]
[EventDate "2004.10.15"]
[EventType "team-swiss"]
[EventRounds "14"]
[EventCountry "ESP"]
[SourceTitle "CBM 104"]
[Source "ChessBase"]
[SourceDate "2005.01.27"]
[SourceVersion "1"]
[SourceVersionDate "2005.01.27"]
[SourceQuality "1"]
[WhiteTeam "Barbados"]
[BlackTeam "Spain III"]
[WhiteTeamCountry "BAR"]
[BlackTeamCountry "ESP"]

1. e4 e6 2. d4 d5 3. Nd2 c5 4. exd5 Qxd5 5. Ngf3 cxd4 6. Bc4 Qd6 7. 0-0 Nf6 8. Nb3 Nc6 9. Nbxd4 Nxd4 10. Qxd4 Qxd4 11. Nxd4 a6 12. a4 Bd7 13. h3 Bc5 14. Be3 Rc8 15. Bb3 0-0 16. c3 Rfd8 17. Rfe1 Kf8 18. Rad1 b6 19. Kh2 a5 20. Kg1 h6 21. Nf3 Bxe3 22. Rxe3 Be8 23. Red3 Ke7 24. Rxd8 Rxd8 25. Rxd8 Kxd8 26. Nd4 Ne4 27. Bc2 Nc5 28. b3 Bd7 29. f4 Ke7 30. Kf2 f6 31. Ke3 e5 32. fxe5 fxe5 33. Nf3 Ke6 34. Nd2 Bc6 35. g3 Bd5 36. Bh7 Kf6 37. Bc2 g5 38. Bd1 Ke7 39. h4 gxh4 40. gxh4 Kd6 41. b4 axb4 42. cxb4 Na6 43. a5 Nxb4 44. axb6 Kc6 45. Nf3 1/2-1/2

[Event "Olympiad-36"]
[Site "Mallorca"]
[Date "2004.10.19"]
[Round "5"]
[White "Arlandi, Ennio"]
[Black "Pont Mulet, Antonio"]
[Result "1-0"]
[WhiteElo "2440"]
[BlackElo "2265"]
[PlyCount "77"]
[EventDate "2004.10.15"]
[EventType "team-swiss"]
[EventRounds "14"]
[EventCountry "ESP"]
[SourceTitle "CBM 104"]
[Source "ChessBase"]
[SourceDate "2005.01.27"]
[SourceVersion "1"]
[SourceVersionDate "2005.01.27"]
[SourceQuality "1"]
[WhiteTeam "Italy"]
[BlackTeam "Spain III"]
[WhiteTeamCountry "ITA"]
[BlackTeamCountry "ESP"]

1. d4 Nf6 2. c4 g6 3. Nc3 d5 4. cxd5 Nxd5 5. e4 Nxc3 6. bxc3 Bg7 7. Bc4 c5 8. Ne2 0-0 9. 0-0 Nc6 10. Be3 Bg4 11. f3 Na5 12. Bxf7+ Rxf7 13. fxg4 Rxf1+ 14. Kxf1 cxd4 15. cxd4 e5 16. Kg1 Qd7 17. dxe5 Qxd1+ 18. Rxd1 Nc4 19. Bf2 Nxe5 20. h3 a6 21. Nf4 Re8 22. Nd5 Nc4 23. Rb1 Nd6 24. Bh4 Rxe4 25. Nf6+ Bxf6 26. Bxf6 Kf7 27. g5 b5 28. Rf1 Re2 29. a3 Ke6 30. Bg7 Ne4 31. Rc1 Kf5 32. Rc6 Kxg5 33. Rxa6 h5 34. h4+ Kf5 35. Rb6 Re1+ 36. Kh2 Rb1 37. a4 b4 38. a5 b3 39. a6 1-0

[Event "Son Dameto Mestres 2nd"]
[Site "Son Dameto"]
[Date "2004.01.03"]
[Round "3.3"]
[White "Gonzalez Arribas, Vidal Alejandro"]
[Black "Pont Mulet, Antonio"]
[Result "1/2-1/2"]
[WhiteElo "2275"]
[BlackElo "2262"]
[PlyCount "30"]
[EventDate "2003.12.27"]
[EventType "tourn"]
[EventRounds "9"]
[EventCountry "ESP"]
[SourceTitle "EXT 2005"]
[Source "ChessBase"]
[SourceDate "2004.11.15"]
[SourceVersion "1"]
[SourceVersionDate "2004.11.15"]
[SourceQuality "1"]

1. c4 e5 2. g3 Nc6 3. Bg2 Nf6 4. a3 a5 5. Nc3 Bc5 6. e3 0-0 7. Nge2 Re8 8. 0-0 d6 9. d4 exd4 10. exd4 Bb6 11. Bg5 Bg4 12. h3 Bxe2 13. Nxe2 h6 14. Be3 Ne4 15. Qd3 Ng5 1/2-1/2

[Event "Son Dameto Mestres 2nd"]
[Site "Son Dameto"]
[Date "2003.12.27"]
[Round "1.2"]
[White "Mascaro March, Pedro"]
[Black "Pont Mulet, Antonio"]
[Result "1/2-1/2"]
[WhiteElo "2360"]
[BlackElo "2262"]
[PlyCount "80"]
[EventDate "2003.12.27"]
[EventType "tourn"]
[EventRounds "9"]
[EventCountry "ESP"]
[SourceTitle "EXT 2005"]
[Source "ChessBase"]
[SourceDate "2004.11.15"]
[SourceVersion "1"]
[SourceVersionDate "2004.11.15"]
[SourceQuality "1"]

1. d4 Nf6 2. c4 g6 3. Nc3 d5 4. Nf3 Bg7 5. Qb3 dxc4 6. Qxc4 0-0 7. e4 Nc6 8. Be2 Nd7 9. d5 Nce5 10. Nxe5 Bxe5 11. Bh6 Re8 12. f4 Nb6 13. Qb3 e6 14. 0-0 Bh8 15. a4 exd5 16. exd5 Nxd5 17. Nxd5 Rxe2 18. f5 Re5 19. Rad1 Bxf5 20. Bf4 Bc2 21. Qxb7 Bxd1 22. Rxd1 Re8 23. Bxc7 Qh4 24. Bg3 Qxa4 25. Rf1 Qd4+ 26. Kh1 f5 27. Qb3 Bg7 28. Rd1 Qc5 29. Nc7+ Kh8 30. Nxa8 Rxa8 31. h3 Qb6 32. Qd5 Rf8 33. b3 f4 34. Bh4 f3 35. gxf3 Qe3 36. Kg2 Bc3 37. Bf2 Qf4 38. Bd4+ Bxd4 39. Qxd4+ Qxd4 40. Rxd4 Rb8 1/2-1/2

[Event "ESP-chT fin"]
[Site "Sanxenxo"]
[Date "2003.11.20"]
[Round "4"]
[White "Andersson, Ulf"]
[Black "Pont Mulet, Antonio"]
[Result "1-0"]
[WhiteElo "2566"]
[BlackElo "2215"]
[PlyCount "46"]
[EventDate "2003.11.17"]
[EventType "team"]
[EventRounds "6"]
[EventCountry "ESP"]
[SourceTitle "CBM 097 Extra"]
[Source "ChessBase"]
[SourceDate "2004.01.13"]
[SourceVersion "1"]
[SourceVersionDate "2004.01.13"]
[SourceQuality "1"]

1. Nf3 Nf6 2. c4 g6 3. g3 Bg7 4. Bg2 0-0 5. 0-0 c6 6. d4 d5 7. Nbd2 Ne4 8. b3 c5 9. Bb2 Nxd2 10. Qxd2 dxc4 11. bxc4 cxd4 12. Nxd4 e5 13. Nb3 Qc7 14. Rfd1 Na6 15. Rac1 Be6 16. Ba3 Rad8 17. Bd6 Qc8 18. Qe3 b6 19. Bxf8 Bxf8 20. Bd5 Bd6 21. Bxe6 Qxe6 22. c5 Bc7 23. Rxd8+ Bxd8 1-0

[Event "Palma de Mallorca Mestres 1st"]
[Site "Palma de Mallorca"]
[Date "2003.01.04"]
[Round "3"]
[White "Pont Mulet, Antonio"]
[Black "Mascaro March, Pedro"]
[Result "0-1"]
[WhiteElo "2213"]
[BlackElo "2320"]
[PlyCount "66"]
[EventDate "2002.12.28"]
[EventType "tourn"]
[EventRounds "9"]
[EventCountry "ESP"]
[SourceTitle "EXT 2006"]
[Source "ChessBase"]
[SourceDate "2005.11.24"]
[SourceVersion "1"]
[SourceVersionDate "2005.11.24"]
[SourceQuality "1"]

1. Nf3 Nf6 2. d4 e6 3. g3 d5 4. Bg2 Be7 5. 0-0 0-0 6. c4 dxc4 7. Ne5 Nc6 8. Nxc6 bxc6 9. e3 Nd5 10. e4 Nb6 11. Be3 c5 12. dxc5 Qxd1 13. Rxd1 Na4 14. Nd2 Nxb2 15. Rdc1 Ba6 16. Rc2 Rab8 17. Bd4 Nd3 18. f4 Rfd8 19. Be3 Nb4 20. Rcc1 Rxd2 21. Bxd2 Bxc5+ 22. Kh1 Nd3 23. Rc2 Nf2+ 24. Kg1 Nxe4+ 25. Kh1 Nxd2 26. Rxd2 c3 27. Rc2 Bd4 28. Bf1 Bb7+ 29. Bg2 Bd5 30. h3 Kf8 31. Rac1 c5 32. Rxc3 Bxc3 33. Rxc3 Rb1+ 0-1

[Event "Baleares-ch"]
[Site "Ibiza"]
[Date "2003.??.??"]
[Round "4"]
[White "Pont Mulet, Antonio"]
[Black "Segura Ariza, Jose Luis"]
[Result "1-0"]
[WhiteElo "2213"]
[BlackElo "2215"]
[PlyCount "63"]
[EventDate "2003.??.??"]
[EventType "tourn"]
[EventRounds "7"]
[EventCountry "ESP"]
[SourceTitle "EXT 2005"]
[Source "ChessBase"]
[SourceDate "2004.11.15"]
[SourceVersion "1"]
[SourceVersionDate "2004.11.15"]
[SourceQuality "1"]

1. e4 c5 2. Nf3 Nc6 3. c3 Nf6 4. e5 Nd5 5. d4 cxd4 6. cxd4 d6 7. Bc4 Nb6 8. Bb5 Bd7 9. exd6 e6 10. Bf4 a6 11. Bd3 Nd5 12. Bg3 Qa5+ 13. Qd2 Qxd2+ 14. Nbxd2 Ncb4 15. Bb1 Bb5 16. a3 Nd3+ 17. Bxd3 Bxd3 18. d7+ Ke7 19. Rc1 Rd8 20. Ne5 Bg6 21. Rc8 f6 22. Bh4 Bh5 23. g4 Bg6 24. 0-0 Nf4 25. Rc7 Ne2+ 26. Kh1 Nxd4 27. Rxb7 Bc2 28. Rb4 g5 29. Rxd4 fxe5 30. Bxg5+ Kf7 31. Bxd8 exd4 32. Bf6 1-0

[Event "Palma de Mallorca-chT"]
[Site "Palma de Mallorca"]
[Date "2003.??.??"]
[Round "6"]
[White "Pont Mulet, Antonio"]
[Black "Serra Olives, Tomas"]
[Result "1/2-1/2"]
[WhiteElo "2213"]
[BlackElo "2229"]
[PlyCount "70"]
[EventDate "2003.??.??"]
[EventType "team"]
[EventRounds "10"]
[EventCountry "ESP"]
[SourceTitle "EXT 2007"]
[Source "ChessBase"]
[SourceDate "2006.11.23"]
[SourceVersion "1"]
[SourceVersionDate "2006.11.23"]
[SourceQuality "1"]

1. d4 Nf6 2. c4 e6 3. Nf3 c5 4. g3 d5 5. Bg2 dxc4 6. Qa4+ Bd7 7. Qxc4 Bc6 8. dxc5 Nbd7 9. 0-0 Bxc5 10. Nc3 0-0 11. b4 Be7 12. Rd1 Qb6 13. a3 Rac8 14. Qb3 Ng4 15. Nd4 Ndf6 16. Bxc6 Rxc6 17. Na4 Qc7 18. Nxc6 Qxc6 19. Bf4 b5 20. Nb2 Ne4 21. Rac1 Qb7 22. Rf1 e5 23. Be3 Nxe3 24. Qxe3 Bg5 25. f4 exf4 26. gxf4 Bf6 27. Nd3 Qd5 28. Qf3 Qd4+ 29. Kh1 Nd2 30. Qf2 Nxf1 31. Rxf1 Qxf2 32. Nxf2 Rc8 33. Nd3 Rc3 34. Rc1 Rc4 35. Kg2 Bd4 1/2-1/2

[Event "Mallorca-chT"]
[Site "Palma de Mallorca"]
[Date "2002.03.23"]
[Round "9.3"]
[White "Oneto Zarco, Jose"]
[Black "Pont Mulet, Antonio"]
[Result "0-1"]
[WhiteElo "2119"]
[BlackElo "2261"]
[PlyCount "84"]
[EventDate "2002.??.??"]
[EventType "team"]
[EventRounds "10"]
[EventCountry "ESP"]
[SourceTitle "EXT 2003"]
[Source "ChessBase"]
[SourceDate "2002.11.25"]
[SourceVersion "1"]
[SourceVersionDate "2002.11.25"]
[SourceQuality "1"]

1. e4 Nf6 2. e5 Nd5 3. d4 d6 4. c4 Nb6 5. f4 dxe5 6. fxe5 Nc6 7. Be3 Bf5 8. Nc3 e6 9. Be2 Be7 10. Nf3 0-0 11. 0-0 f6 12. Qb3 Qd7 13. Rad1 Na5 14. Qb5 Qxb5 15. cxb5 Nac4 16. Bc1 fxe5 17. Nxe5 Nxe5 18. dxe5 Bc2 19. Rxf8+ Rxf8 20. Rf1 Bc5+ 21. Kh1 Rxf1+ 22. Bxf1 Bd4 23. Bf4 Nd7 24. Bc4 Kf7 25. h3 Nxe5 26. Be2 c6 27. Bxe5 Bxe5 28. bxc6 bxc6 29. Bf3 c5 30. Kg1 Bd4+ 31. Kf1 Kf6 32. Ke2 Ke5 33. g3 Bxc3 34. bxc3 Be4 35. Bg4 Bf5 36. Bxf5 exf5 37. Ke3 g5 38. h4 gxh4 39. gxh4 h5 40. a3 a5 41. a4 c4 42. Kf3 f4 0-1

[Event "Mallorca-chT"]
[Site "Palma de Mallorca"]
[Date "2002.02.23"]
[Round "6.4"]
[White "Vallespir Salor, Gabriel"]
[Black "Pont Mulet, Antonio"]
[Result "1/2-1/2"]
[WhiteElo "2106"]
[BlackElo "2261"]
[PlyCount "105"]
[EventDate "2002.??.??"]
[EventType "team"]
[EventRounds "10"]
[EventCountry "ESP"]
[SourceTitle "EXT 2003"]
[Source "ChessBase"]
[SourceDate "2002.11.25"]
[SourceVersion "1"]
[SourceVersionDate "2002.11.25"]
[SourceQuality "1"]

1. c4 e5 2. Nc3 Nc6 3. g3 g6 4. Bg2 Bg7 5. Nf3 Nf6 6. 0-0 0-0 7. d3 d6 8. Rb1 a5 9. a3 Re8 10. Bg5 h6 11. Bxf6 Qxf6 12. b4 axb4 13. axb4 Qd8 14. Ne1 f5 15. b5 Nd4 16. e3 Ne6 17. Nd5 Rf8 18. f4 exf4 19. gxf4 Nc5 20. Nc2 Bd7 21. b6 c6 22. Nc7 Rb8 23. e4 Na4 24. d4 fxe4 25. Bxe4 Nc3 26. Qf3 Nxb1 27. Rxb1 Qf6 28. Rf1 Bf5 29. Kg2 g5 30. d5 c5 31. Ne3 gxf4 32. Nxf5 Qg5+ 33. Kh1 Rxf5 34. Bxf5 Qxf5 35. Qxf4 Qxf4 36. Rxf4 Be5 37. Rf5 Rf8 38. Rxf8+ Kxf8 39. Kg2 Ke7 40. Nb5 Bf4 41. h3 Bd2 42. Kf3 h5 43. Ke4 Ba5 44. Kf5 h4 45. Kg5 Be1 46. Kg4 Kd7 47. Nc7 Ke7 48. Ne6 Ba5 49. Kxh4 Bxb6 50. Kg4 Ba5 51. h4 Bd2 52. Nc7 Kf6 53. Ne6 1/2-1/2

[Event "Mallorca-ch 0102 Preferente"]
[Site "Palma de Mallorca"]
[Date "2001.12.15"]
[Round "7"]
[White "Serra Olives, Tomas"]
[Black "Pont Mulet, Antonio"]
[Result "0-1"]
[WhiteElo "2244"]
[BlackElo "2234"]
[PlyCount "70"]
[EventDate "2001.10.06"]
[EventType "swiss"]
[EventRounds "7"]
[EventCountry "ESP"]
[SourceTitle "EXT 2003"]
[Source "ChessBase"]
[SourceDate "2002.11.25"]
[SourceVersion "1"]
[SourceVersionDate "2002.11.25"]
[SourceQuality "1"]

1. e4 Nf6 2. e5 Nd5 3. d4 d6 4. Nf3 g6 5. Bc4 Nb6 6. Bb3 Bg7 7. 0-0 0-0 8. Bf4 Nc6 9. exd6 cxd6 10. c3 Bg4 11. h3 Bxf3 12. Qxf3 d5 13. Re1 Qd7 14. Nd2 Na5 15. Bc2 Nbc4 16. Nb3 b6 17. Nxa5 Nxa5 18. Re2 Rac8 19. Rae1 e6 20. h4 b5 21. h5 b4 22. Bg5 Rfe8 23. hxg6 hxg6 24. g3 bxc3 25. bxc3 Qc6 26. Bf6 Qxc3 27. Qf4 Qc7 28. Be5 Bxe5 29. dxe5 Qe7 30. Ba4 Rc4 31. Bxe8 Rxf4 32. gxf4 Qxe8 33. Re3 Qa4 34. Kg2 Qxf4 35. Rf3 Qd2 0-1